000
00268nam a22001097a 4500
082
_a
150/VIL
100
_a
Vilas, Shubha
_9
82817
245
_a
TIMELESS TALES TO IGNITE YOUR MIND
260
_a
Mumbai
_b
Jaico Publishing House
_c
2024
650
_a
Philosophy
942
_c
BK
999
_c
67540
_d
67540